ՀՀ Գիտությունների ազգային ակադեմիայի հիմնարար գիտական գրադարան  =   Fundamental Scientific Library of NAS RA

СВЧ -генераторы на горячих электронах / (Record no. 174046)

MARC details
000 -LEADER
fixed length control field 01138nam a2200241 u 4500
001 - CONTROL NUMBER
control field 000475010
003 - CONTROL NUMBER IDENTIFIER
control field AM-YeHGA
005 - DATE AND TIME OF LATEST TRANSACTION
control field 20250617133947.0
008 - FIXED-LENGTH DATA ELEMENTS--GENERAL INFORMATION
fixed length control field 060215s1972 ||||||||||||||||||||rus d
040 ## - CATALOGING SOURCE
Original cataloging agency AM-YeHGA
041 1# - LANGUAGE CODE
Language code of text/sound track or separate title rus
Language code of original eng
090 ## - LOCALLY ASSIGNED LC-TYPE CALL NUMBER (OCLC); LOCAL CALL NUMBER (RLIN)
-- 175487
100 1# - MAIN ENTRY--PERSONAL NAME
Personal name Кэррол, Дж.
245 10 - TITLE STATEMENT
Title СВЧ -генераторы на горячих электронах /
Statement of responsibility, etc. Дж. Кэррол ; Пер. с анг. М.Е. Левинштейна, М.С. Шура ; Под ред. Б.Л. Гельмонта.
260 ## - PUBLICATION, DISTRIBUTION, ETC.
Place of publication, distribution, etc. Москва :
Name of publisher, distributor, etc. Мир,
Date of publication, distribution, etc. 1972.
300 ## - PHYSICAL DESCRIPTION
Extent 384 с. :
Other physical details черт.
504 ## - BIBLIOGRAPHY, ETC. NOTE
Bibliography, etc. note Список лит. с. 365-375
534 ## - ORIGINAL VERSION NOTE
Introductory phrase Оригинал на англ.:
Title statement of original Hot Electron Microwave Generators /
Main entry of original John Carroll-
Publication, distribution, etc. of original London : Edward Arnold ltd. : 1970
650 14 - SUBJECT ADDED ENTRY--TOPICAL TERM
Topical term or geographic name entry element Электронные элементы, использующие свойства твердого тела. Полупроводниковая электроника
700 1# - ADDED ENTRY--PERSONAL NAME
Personal name Левинштейн, М.Е.
Relator term пер.
Relationship trl
700 1# - ADDED ENTRY--PERSONAL NAME
Personal name Шур, М.С.
Relator term пер.
Relationship trl
700 1# - ADDED ENTRY--PERSONAL NAME
Personal name Гельмонт, Б.Л.
Relator term пер.
Relationship trl
Relator term пер.
Relationship trl
Holdings
Withdrawn status Lost status Damaged status Not for loan Collection Home library Current library Date acquired Total checkouts Full call number Barcode Date last seen Price effective from Koha item type Public note
        General Fundamental Scientific Library Fundamental Scientific Library 28/12/2016   PII/302460 FL0189521 28/12/2016 28/12/2016 Գրքեր / Books 30 Days Loan
        General Fundamental Scientific Library Fundamental Scientific Library 28/12/2016   PII/562275 FL0119847 28/12/2016 28/12/2016 Գրքեր / Books 30 Days Loan


ՀՀ ԳԱԱ հիմնարար գիտական գրադարան
ՀՀ,Երևան 0019
Մարշալ Բաղրամյան 24/6
հեռախոս:(374-10) 52-47-50
Հետադարձ կապ

All site content, except where otherwise noted, is licensed under a
Creative Commons License